Only Girl (In the World) - Rihanna Lyrics - Statistics

General Stats
  • This quiz has been taken 911 times
  • The average score is 296 of 363
Answer Stats
Hint Answer % Correct
Verse1 I
100%
Like
98%
like
98%
you
98%
You
98%
me
97%
only
97%
Only
97%
the
97%
girl
96%
Girl
96%
I'm
96%
in
96%
who
96%
make
95%
Make
95%
when
95%
world
95%
feel
94%
to
94%
a
92%
want
92%
Chorus | Verse2 Want
92%
love
91%
one
87%
your
83%
that
82%
ever
80%
heart
78%
knows
71%
oh
71%
Oh,
71%
you'll
70%
for
69%
it
66%
take
66%
Bridge Take
66%
man,
64%
man
64%
night
62%
night,
62%
hot
61%
Be
60%
be
60%
'Cause
58%
and
57%
And
57%
ride
57%
2x ride,
57%
Then
56%
Baby,
54%
baby,
54%
understands
53%
what
53%
yeah
53%
all
51%
Hold
50%
How
49%
pillow
49%
it's
48%
gon'
47%
my
47%
So,
46%
of
45%
pride
45%
about
44%
swallow
44%
boy,
43%
forget
43%
Intro 8x la-la
43%
right
43%
wanna
42%
Doing
41%
2x high,
41%
last
41%
tonight
41%
I'll
39%
Let
39%
let
39%
thief
39%
can
38%
command
37%
tell
37%
that's
37%
thinking
37%
secrets
35%
beg
33%
prisoner
30%
I'ma
28%
come
27%
keeping
26%
inside
25%
leaving
18%
ain't
17%
2x rise,
15%
enter,
14%
No matching quizzes found
Score Distribution
Percent of People with Each Score
Percentile by Number Answered
Your Score History
You have not taken this quiz